=LDR 00000nam 2200000 4500 =001 INLIS000000000014069 =005 20130612105354 =008 ***********************************Ind** =035 ##$$0010-061300000014069 =041 ##$$a Ind =082 ##$$a 618.1 =090 ##$$a 618.1, Pri p =245 ##$$a Prinsip penanganan obstetri-ginekologi dan bedah obstetri, Editor, M.Rachman =260 ##$$a 2000 $b Jakarta =300 ##$$a vi, 243 hlm, Ilus, 18 cm =650 ##$$a Ginekologi operatif =850 ##$$a NBPNMAT